<?xml version="1.0" encoding="UTF-8"?><?xml-stylesheet type="text/xsl" href="static/style.xsl"?><OAI-PMH xmlns="http://www.openarchives.org/OAI/2.0/" xmlns:xsi="http://www.w3.org/2001/XMLSchema-instance" xsi:schemaLocation="http://www.openarchives.org/OAI/2.0/ http://www.openarchives.org/OAI/2.0/OAI-PMH.xsd"><responseDate>2026-04-27T21:41:05Z</responseDate><request verb="GetRecord" identifier="oai:uvadoc.uva.es:10324/6779" metadataPrefix="marc">https://uvadoc.uva.es/oai/request</request><GetRecord><record><header><identifier>oai:uvadoc.uva.es:10324/6779</identifier><datestamp>2021-06-29T10:22:15Z</datestamp><setSpec>com_10324_38</setSpec><setSpec>col_10324_852</setSpec></header><metadata><record xmlns="http://www.loc.gov/MARC21/slim" xmlns:doc="http://www.lyncode.com/xoai" xmlns:xsi="http://www.w3.org/2001/XMLSchema-instance" xmlns:dcterms="http://purl.org/dc/terms/" xsi:schemaLocation="http://www.loc.gov/MARC21/slim http://www.loc.gov/standards/marcxml/schema/MARC21slim.xsd">
<leader>00925njm 22002777a 4500</leader>
<datafield tag="042" ind1=" " ind2=" ">
<subfield code="a">dc</subfield>
</datafield>
<datafield tag="720" ind1=" " ind2=" ">
<subfield code="a">Esteban Martínez, Alba</subfield>
<subfield code="e">author</subfield>
</datafield>
<datafield tag="260" ind1=" " ind2=" ">
<subfield code="c">2014</subfield>
</datafield>
<datafield tag="520" ind1=" " ind2=" ">
<subfield code="a">Favorecer el desarrollo armónico de los niños y niñas en la etapa de Educación Infantil a través del juego, como uno de los principales elementos de la infancia, es un contenido y recurso que debe ser considerado y alentado por los docentes. La música, entendida como un conjunto de exploración, experimentación y actividad lúdica, es un planteamiento educativo nuevo y claramente diferente a la concepción habitual para los profesionales de la educación.&#xd;
Por otro lado, es muy recomendable, incluir el rincón de música en las aulas de esta etapa, ya que los docentes son responsable de ofrecer la orientación y proporcionar las condiciones de esta opción educativa, que permite a los niños relacionar música y el juego. &#xd;
Por último, la Pedagogía de la Creación Musical francesa, en relación con el tratamiento de la Educación Musical y el enfoque de los sonidos, contribuye a resaltar los procesos naturales del niño.</subfield>
</datafield>
<datafield tag="024" ind2=" " ind1="8">
<subfield code="a">http://uvadoc.uva.es/handle/10324/6779</subfield>
</datafield>
<datafield ind1=" " ind2=" " tag="653">
<subfield code="a">Música-Estudio y enseñanza (Educación preescolar)</subfield>
</datafield>
<datafield tag="245" ind1="0" ind2="0">
<subfield code="a">Aproximación de una propuesta de recursos y materiales para la expresión musical en el aula de Educación Infantil</subfield>
</datafield>
</record></metadata></record></GetRecord></OAI-PMH>